| 000 | 00987cam a22002894a 4500 | ||
|---|---|---|---|
| 999 |
_c129990 _d129990 |
||
| 001 | 15107291 | ||
| 003 | ARRUPE | ||
| 005 | 20191112115449.0 | ||
| 008 | 071210s2007 sa a 000 0 eng | ||
| 010 | _a 2007492152 | ||
| 020 | _a9781868422470 (pbk.) | ||
| 020 | _a186842247X (pbk.) | ||
| 040 |
_aDLC _cDLC _dDLC |
||
| 043 | _af------ | ||
| 050 | 0 | 0 |
_aDT12.25 _b.M355 2007 |
| 100 | 1 |
_aManser, Riaan. _948568 |
|
| 245 | 1 | 0 |
_aAround Africa on my bicycle / _cRiann Manser. |
| 260 |
_aJohannesburg : _bJonathan Ball Publishers, _cc2007. |
||
| 300 |
_ax, 705 p. : _bcol. ill., map ; _c24 cm. |
||
| 600 | 1 | 0 |
_aManser, Riann _xTravel _zAfrica. _948569 |
| 650 | 0 |
_aCycling _zAfrica. _948570 |
|
| 651 | 0 |
_aAfrica _xDescription and travel. _948571 |
|
| 856 | 4 | 1 |
_3Table of contents only _uhttp://www.loc.gov/catdir/toc/fy0805/2007492152.html |
| 906 |
_a7 _bcbc _corigres _d3 _encip _f20 _gy-gencatlg |
||
| 942 |
_2lcc _cMONOGRAPH |
||